| 000 | 00707nam a2200205 i 4500 | ||
|---|---|---|---|
| 001 | 149271 | ||
| 003 | ES-MaACL | ||
| 005 | 20250911063555.0 | ||
| 007 | t| | ||
| 008 | 071019s1917 sp ||||1| spa d | ||
| 080 | _a946.41 M"18/19" | ||
| 100 | 1 |
_aVelasco Zazo, Antonio, _d1884-1969 _9113782 |
|
| 245 | 1 | 3 |
_aEl Madrid de Alfonso XIII _b: (ligeras divagaciones para un libro de memorias con figuras y sucesos de mi tiempo) / _cAntonio Velasco Zazo. |
| 260 |
_aMadrid : _b[s.n.], _c1917 ( _fJ. Palacios) |
||
| 300 |
_a211 p. ; _c19 cm. |
||
| 651 | 4 |
_aMadrid- _xHistoria- _yS.XIX. _98969 |
|
| 651 | 4 |
_aMadrid- _xDescripción- _yS.XIX. _98954 |
|
| 852 |
_aES-MaACL _jF-3482 |
||
| 999 |
_c149271 _d149271 |
||